000 00543nam a22001815i 4500
001 54223
003 ES-MaACL
007 t|
008 960716s1865 gw ||||1| ger d
040 _aCAM
_bspa
_cCAM
100 1 _aFischer, Kuno,
_d1824-1907
_951003
245 1 0 _aSystem der logik und Metaphysik ober Wissenschaftslehre /
_cvon Kuno Fischer.
250 _a2. aufl.
260 _aHeilderberg :
_bFriedrich Bassermann,
_c1865.
300 _aXVII, [1], 536 p. ;
_c22 cm.
852 _aES-MaACL
_jG-1197
999 _c54223
_d54223